Systémy s mikroprocesory a přenos dat /

Enregistré dans:
Détails bibliographiques
Auteurs principaux: Starý, Jaroslav (Auteur), Dlabola, František (Auteur)
Format: Livre
Langue:tchèque
Publié: Praha : NADAS, 1984
Sujets:
Tags: Ajouter un tag
Pas de tags, Soyez le premier à ajouter un tag!

MARC

LEADER 00000nam a22000003a 4500
001 stu35565
005 20150617225730.8
008 920428s1984----cs------------------cze-d
040 |a STU  |b slo 
041 0 |a cze 
044 |a cs 
080 |a 681.32 
100 1 |a Starý, Jaroslav  |4 aut 
245 1 |a Systémy s mikroprocesory a přenos dat /  |c [aut.]František Dlabola, Jaroslav Starý 
260 |a Praha :  |b NADAS,  |c 1984 
300 |a 431 s 
650 7 |a mikroprocesory  |2 stusub 
650 7 |a Dáta  |2 stusub 
650 7 |a prenos  |2 stusub 
700 1 |a Dlabola, František  |4 aut 
996 |b 284M035233  |c M*2862-1  |l MMKN  |s A  |a 24  |w stu35565_0001